| 000 | 00989nam a2200325Ia 4500 | ||
|---|---|---|---|
| 003 | OSt | ||
| 005 | 20220912144542.0 | ||
| 006 | a|||||r|||| 00| 0 | ||
| 007 | ta | ||
| 008 | 220909b |||||||| |||| 00| 0 eng d | ||
| 020 | _a8120306821 (pbk) | ||
| 020 | _aSL0859883 | ||
| 024 | _a193273 | ||
| 037 | _cTextual | ||
| 040 |
_aCSL _beng _cCSL |
||
| 041 | _aeng | ||
| 082 | _aB334, N1 | ||
| 100 | _aChandrupatla Tirupathi R; Belegundu Ashok D | ||
| 245 | 0 | _aIntroduction to finite elements in engineering | |
| 260 |
_aNew Delhi _b Prentice-Hall _c1991 |
||
| 300 | _axiv, 416p. ill. | ||
| 500 | _aAppendix 403-406p.; Bibliography 407-410p.; Index 411-414p. | ||
| 650 | _a Beams and frames | ||
| 650 | _a Dynamic considerations | ||
| 650 | _a Trusses | ||
| 650 | _aOne-dimensional problems | ||
| 700 | _aChandrupatla Tirupathi R; Belegundu Ashok D | ||
| 942 |
_hB334, N1 _cTEXL _2CC |
||
| 999 |
_c11811 _d11811 |
||